000
00330 a2200157 4500
001
61128
020
_a
8508084935
040
_c
Anchieta - Pituba
100
_a
Tavares, Kátia
240
1
0
_a
New Password
_l
Ing
245
1
0
_a
New Password
300
_a
231
362
0
_a
2002
650
4
_a
Inglês e inglês antigo
942
_c
BK
999
_c
61128
_d
61128